[Event "Lucky op 2nd"]
[Site "Hamburg"]
[Date "1999.10.22"]
[Round "9"]
[White "Schenk, Holger S"]
[Black "Helm, Dieter"]
[Result "1-0"]
[WhiteElo "1797"]
[BlackElo "1725"]
[PlyCount "59"]
[EventDate "1999.10.??"]
[EventType "swiss"]
[EventRounds "9"]
[EventCountry "GER"]
[SourceTitle "EXT 2001"]
[Source "ChessBase"]
[SourceDate "2000.11.22"]
[SourceVersion "1"]
[SourceVersionDate "2000.11.22"]
[SourceQuality "1"]

1. e4 c5 2. d4 cxd4 3. c3 d6 4. cxd4 Nf6 5. Nc3 g6 6. Bc4 Nc6 7. Be3 Bg7 8. Nge2 0-0 9. Qc2 Qa5 10. f3 a6 11. Bd2 Qc7 12. 0-0 b5 13. Nd5 Qa7 14. Nxf6+ Bxf6 15. Bxf7+ Rxf7 16. Qxc6 Bxd4+ 17. Nxd4 Qxd4+ 18. Kh1 Qa7 19. Bh6 Bd7 20. Qd5 Rc8 21. Rac1 Rc5 22. Rxc5 dxc5 23. Rd1 e6 24. Qxe6 Qb7 25. Qd6 c4 26. h4 Qc8 27. e5 Qe8 28. e6 Re7 29. exd7 Re1+ 30. Kh2 1-0

[Event "Lucky op 2nd"]
[Site "Hamburg"]
[Date "1999.10.18"]
[Round "5"]
[White "Schenk, Holger S"]
[Black "Wuestefeld, Dietfried"]
[Result "0-1"]
[WhiteElo "1797"]
[BlackElo "1780"]
[PlyCount "98"]
[EventDate "1999.10.??"]
[EventType "swiss"]
[EventRounds "9"]
[EventCountry "GER"]
[SourceTitle "EXT 2001"]
[Source "ChessBase"]
[SourceDate "2000.11.22"]
[SourceVersion "1"]
[SourceVersionDate "2000.11.22"]
[SourceQuality "1"]

1. e4 e5 2. Nf3 d6 3. d4 exd4 4. Bc4 Be7 5. c3 Nf6 6. Qb3 0-0 7. e5 d5 8. Bd3 Ne4 9. cxd4 Nc6 10. Nc3 Bb4 11. 0-0 Bxc3 12. bxc3 Ne7 13. Re1 Bf5 14. Bxe4 Bxe4 15. Nd2 Bf5 16. Ba3 Re8 17. Qxb7 Ng6 18. Re3 Re6 19. Qb5 Rb8 20. Qe2 Nf4 21. Qf3 Qg5 22. Qg3 Qh6 23. Qf3 Rg6 24. g3 Bh3 25. c4 Ng2 26. Rb3 Rc8 27. Bb4 dxc4 28. Nxc4 Nh4 29. Qe2 Bg4 30. f3 Be6 31. Rf1 Nf5 32. Qd3 Qh3 33. f4 Bd5 34. Rf2 Rxg3+ 35. Qxg3 Nxg3 36. Rxg3 Qf5 37. Ne3 Qb1+ 38. Rf1 Qxb4 39. Nxd5 Qxd4+ 40. Ne3 c5 41. Kg2 Kf8 42. h4 c4 43. Rf2 Rb8 44. Rgf3 c3 45. Nf5 Qc5 46. Rc2 Rb2 47. Rff2 Qd5+ 48. Kh2 Rxc2 49. Rxc2 Qd3 0-1

[Event "Lucky op 2nd"]
[Site "Hamburg"]
[Date "1999.10.17"]
[Round "4"]
[White "Mueller, Julian"]
[Black "Schenk, Holger S"]
[Result "0-1"]
[WhiteElo "1375"]
[BlackElo "1797"]
[PlyCount "51"]
[EventDate "1999.10.??"]
[EventType "swiss"]
[EventRounds "9"]
[EventCountry "GER"]
[SourceTitle "EXT 2001"]
[Source "ChessBase"]
[SourceDate "2000.11.22"]
[SourceVersion "1"]
[SourceVersionDate "2000.11.22"]
[SourceQuality "1"]

1. d4 Nf6 2. c4 e5 3. dxe5 Ne4 4. Nf3 d6 5. Nc3 Nxc3 6. bxc3 Nc6 7. Bg5 f6 8. exf6 gxf6 9. Bh4 Bg7 10. e3 Qe7 11. Bd3 Bg4 12. Rb1 Rb8 13. Qc2 Bxf3 14. gxf3 Ne5 15. Be4 Qf7 16. Qa4+ c6 17. Qxa7 0-0 18. Qb6 f5 19. Bxc6 Nxc6 20. Rg1 Kh8 21. Qb3 Ne5 22. Ke2 Qh5 23. Bg3 Nxf3 24. Kf1 Nd2+ 25. Ke1 Nxb3 26. Rxb3 0-1

[Event "Lucky op 2nd"]
[Site "Hamburg"]
[Date "1999.10.16"]
[Round "2"]
[White "Lubisch, Gerwalt"]
[Black "Schenk, Holger S"]
[Result "0-1"]
[WhiteElo "1520"]
[BlackElo "1797"]
[PlyCount "68"]
[EventDate "1999.10.??"]
[EventType "swiss"]
[EventRounds "9"]
[EventCountry "GER"]
[SourceTitle "EXT 2001"]
[Source "ChessBase"]
[SourceDate "2000.11.22"]
[SourceVersion "1"]
[SourceVersionDate "2000.11.22"]
[SourceQuality "1"]

1. d4 Nf6 2. Nf3 d5 3. e3 e6 4. Bd3 c5 5. c3 c4 6. Bc2 Nc6 7. Nbd2 b5 8. 0-0 Bd6 9. e4 dxe4 10. Nxe4 Nxe4 11. Bxe4 Qc7 12. d5 f5 13. dxc6 fxe4 14. Nd4 0-0 15. g3 a6 16. Qg4 e5 17. Ne6 Qe7 18. Bg5 Qxe6 19. Qxe6+ Bxe6 20. Rfd1 Bc7 21. Rd2 h6 22. Be3 Rfd8 23. Rad1 Rd3 24. Kg2 Rad8 25. h3 Rxd2 26. Bxd2 Rd3 27. g4 Bd5 28. Kf1 Bxc6 29. Ke2 Bb6 30. b3 e3 31. fxe3 e4 32. bxc4 Ba5 33. cxb5 Bxb5 34. c4 Ba4 0-1

[Event "Lucky op 2nd"]
[Site "Hamburg"]
[Date "1999.10.15"]
[Round "1"]
[White "Schenk, Holger S"]
[Black "Stolz, Petra"]
[Result "1-0"]
[WhiteElo "1797"]
[BlackElo "1283"]
[PlyCount "55"]
[EventDate "1999.10.??"]
[EventType "swiss"]
[EventRounds "9"]
[EventCountry "GER"]
[SourceTitle "EXT 2001"]
[Source "ChessBase"]
[SourceDate "2000.11.22"]
[SourceVersion "1"]
[SourceVersionDate "2000.11.22"]
[SourceQuality "1"]

1. e4 d6 2. d4 Nf6 3. Nc3 g6 4. f4 Bg7 5. Nf3 0-0 6. Bc4 h6 7. e5 Nfd7 8. Qd3 e6 9. Be3 d5 10. Bb3 Nc6 11. 0-0-0 f5 12. exf6 Rxf6 13. g4 Qe8 14. h4 Nf8 15. g5 Rf7 16. gxh6 Bxh6 17. Ng5 Rg7 18. Ne2 Ne7 19. Ng3 c6 20. h5 b5 21. hxg6 Qxg6 22. Qe2 Nh7 23. Nh5 Nf5 24. Nxh7 Kxh7 25. Rdg1 Qf7 26. Nxg7 Nxg7 27. c3 Nh5 28. Bc2+ 1-0